000
00283nam a2200133Ia 4500
100
_a
Gupta/B.D
942
_c
BK
654
_a
mathematics
245
_a
Mathematical Physics
260
_b
Vikas pub.
_a
New Delhi
_c
1988
082
_a
530.15
_b
GUP
300
_a
1238
546
_a
ENGLISH
999
_c
28757
_d
28757